00925nam a2200241Ia 4500003000400000005001700004008004100021020001500062040001800077041000800095082002200103100002800125245005700153250001200210260005100222300002800273650005600301650006300357650004300420942003100463999001900494952017000513OSt20250530094203.0210716s2003 xx 000 0 und d a8126503963 cAIMIT LIBRARY aeng a006.671 21bWALA aWalsh, Aaron E.9211708 aJ2ee 1.4 : bprofessional guide /cBy Aaron E Walsh. a1st ed. aNew Delhi :bWiley Dreamtech Pvt Ltd ,c2003. axv,452p. ;bPBc24.2 cm aIntroducing j2ee1.4 enterprise web services9211709 aFrom client to server with servlets JSPs and beans9211710 aCreating web services with XML9211711 2ddccBKe1stk006.671 WALA c186277d186277 00102ddc40708MCAaAIMITbAIMITeSita Book Houseg299.00iBill no:25565; Bill dt:2004-04-0l0o006.671 WALApMCA05785r2025-07-21 00:00:00v239.20w2021-07-16yBK